000 00600cam a2200217 i 4500
001 1337433
005 20180222082934.0
008 801009s1979 nyu b 001 0 eng
010 _a 79023384
020 _a067125362X
040 _aDLC
_cDLC
_dDLC
041 _aeng
080 _a616.6 KAP
082 0 0 _a616.6 KAP
_219
100 1 _a7
101 _aANA
245 1 0 _aDisorders of sexual desire and other new concepts and techniques in sex therapy /
_cHelen Singer Kaplan.
504 _aBibliography: p. 223-228.
906 _a7
_bcbc
_corignew
_du
_eocip
_f19
_gy-gencatlg
942 _2ddc
_cBK
999 _c43211
_d43211